| 000 | 00602nam a2200193 a 4500 | ||
|---|---|---|---|
| 001 | 876 | ||
| 003 | CDMR | ||
| 005 | 20131128122249.0 | ||
| 008 | 130130s1984||||||||||||||||||||||||||||d | ||
| 040 |
_aCDMR _bcat _cCDMR |
||
| 100 | 1 |
_aFelipo i Oriol, Ramón _9684 |
|
| 245 | 1 | 3 |
_aEl català al món _b: premsa i ràdio en català en Europa, Amèrica i Oceania |
| 260 |
_aBarcelona _c1984 _bEl Llamp |
||
| 300 | _a158 p. | ||
| 650 | 0 | 4 |
_94401 _aRevistes catalanes |
| 650 | 0 | 4 |
_93923 _aMitjans de comunicació de massa _vDirectoris |
| 650 | 0 | 4 |
_94317 _aAssociacions, institucions, etc. _xDirectoris |
| 942 |
_cMON _2udc |
||
| 999 |
_c876 _d876 |
||